Catálogo
 En Linea

La guía del éxito : (Registro nro. 21892)

Detalles MARC
000 -CABECERA
campo de control de longitud fija 00597nam a2200169 a 4500
001 - NÚMERO DE CONTROL
campo de control 000022394
005 - FECHA Y HORA DE LA ÚLTIMA TRANSACCIÓN
campo de control 20200930011718.0
008 - DATOS DE LONGITUD FIJA--INFORMACIÓN GENERAL
campo de control de longitud fija 101007s2015 pr r 000 0 spa d
040 ## - FUENTE DE LA CATALOGACIÓN
Centro catalogador/agencia de origen DO-SdBNP
Lengua de catalogación spa
Centro/agencia transcriptor BNPHU
082 ## - NÚMERO DE LA CLASIFICACIÓN DECIMAL DEWEY
Número de clasificación xxxx
Número de documento/Ítem N499g
100 1# - ENTRADA PRINCIPAL--NOMBRE DE PERSONA
Nombre de persona Nevárez, Herminio
9 (RLIN) 46179
245 13 - MENCIÓN DE TÍTULO
Título La guía del éxito :
Resto del título pasaporte a la independencia financiera /
Mención de responsabilidad, etc. Herminio Nevárez.
260 ## - PUBLICACIÓN, DISTRIBUCIÓN, ETC.
Lugar de publicación, distribución, etc. Puerto Rico :
Nombre del editor, distribuidor, etc. International Networkers Team,
Fecha de publicación, distribución, etc. 2015.
300 ## - DESCRIPCIÓN FÍSICA
Extensión 144 p. :
Otras características físicas il. ;
Dimensiones 19 cm.
500 ## - NOTA GENERAL
Nota general Incluye referencias bibliográficas y notas al pie de las páginas
590 ## - NOTA LOCAL (RLIN)
Nota local Inventariado, 2020/BT
Existencias
Estado de retiro Estado de pérdida Restricciones de uso No para préstamo Código de colección Localización permanente Ubicación/localización actual Ubicación en estantería Fecha de adquisición Número de inventario Total de préstamos Signatura topográfica completa Código de barras Fecha visto por última vez Número de copia Precio válido a partir de Tipo de ítem Koha
        Monografías: Libros y Folletos General General Depósito 24.04.2012 LF1   xxxx N499g 22394-30 25.06.2020 e.3 25.06.2020 Préstamo en sala
        Monografías: Libros y Folletos General General Depósito 27.05.2013 LF1   xxxx N499g 22394-40 25.06.2020 e.4 25.06.2020 Préstamo en sala
      Excluido de préstamo Monografías: Libros y Folletos Patrimonio Dominicano Patrimonio Dominicano Depósito 07.10.2010 LF1   xxxx N499g 22394-10 25.06.2020   25.06.2020 No se presta
      Excluido de préstamo Monografías: Libros y Folletos Patrimonio Dominicano Patrimonio Dominicano Depósito 07.10.2010 LF1   xxxx N499g 22394-20 25.06.2020 e.2 25.06.2020 No se presta

Con tecnología Koha